书目信息 |
| 题名: |
企业异质性与中国出口省际失衡研究
|
|
| 作者: | 马相东 著 | |
| 分册: | ||
| 出版信息: | 北京 人民出版社 2012 |
|
| 页数: | 189页 | |
| 开本: | 24cm | |
| 丛书名: | 中共北京市委党校·北京行政学院学术文库系列丛书 | |
| 单 册: | ||
| 中图分类: | F752.62 | |
| 科图分类: | ||
| 主题词: | 企业经济--影响--区域贸易--出口贸易--研究--中国 , 企业经济 , 区域贸易 , 出口贸易 | |
| 电子资源: | ||
| ISBN: | 978-7-01-010693-9 | |
| 000 | 01346nam0 2200313 450 | |
| 001 | 523 | |
| 005 | 20140909101227.01 | |
| 010 | @a978-7-01-010693-9@dCNY30.00 | |
| 100 | @a20120524d2012 em y0chiy50 ea | |
| 101 | 0 | @achi |
| 102 | @aCN@b110000 | |
| 105 | @ay z 000yy | |
| 106 | @ar | |
| 200 | 1 | @a企业异质性与中国出口省际失衡研究@AQi Ye Yi Zhi Xing Yu Zhong Guo Chu Kou Sheng Ji Shi Heng Yan Jiu@f马相东著@FMa Xiang Dong Zhu |
| 210 | @a北京@c人民出版社@d2012 | |
| 215 | @a189页@d24cm | |
| 225 | 2 | @a中共北京市委党校·北京行政学院学术文库系列丛书 |
| 225 | 2 | @a青年学术丛书@i经济 |
| 330 | @a本书使用2002-2010年中国企业500强和进出口企业500强数据、1978-2010年中国对外贸易数据分别对中国企业异质性和出口省际失衡主题展开统计分析,在此基础上,运用企业异质性贸易理论原理构建理论模型,通过1997-2010年省级面板数据的实证检验,对中国出口省际失衡做出了新的解释,最后,从企业微观、产业中观和国家宏观等三个层面探讨了未来中国出口省际地区结构调整的方向和重点。 | |
| 461 | 0 | @12001 @a中共北京市委党校·北京行政学院学术文库系列丛书 |
| 461 | 0 | @12001 @a青年学术丛书 |
| 606 | 0 | @a企业经济@x影响@x区域贸易@x出口贸易@x研究@y中国 |
| 606 | 0 | @a企业经济 |
| 606 | 0 | @a区域贸易 |
| 606 | 0 | @a出口贸易 |
| 690 | @aF752.62@v5 | |
| 701 | 0 | @a马相东@AMa Xiang Dong@f(1976~)@4著 |
| 801 | 0 | @aCN@bTANGWEI@c20140603 |
| 905 | @b0840416-18@dF752.62@e41@f3 | |
| 企业异质性与中国出口省际失衡研究/马相东著.-北京:人民出版社,2012 |
| 189页;24cm.-(中共北京市委党校·北京行政学院学术文库系列丛书).-(青年学术丛书.经济) |
| ISBN 978-7-01-010693-9:CNY30.00 |
| 本书使用2002-2010年中国企业500强和进出口企业500强数据、1978-2010年中国对外贸易数据分别对中国企业异质性和出口省际失衡主题展开统计分析,在此基础上,运用企业异质性贸易理论原理构建理论模型,通过1997-2010年省级面板数据的实证检验,对中国出口省际失衡做出了新的解释,最后,从企业微观、产业中观和国家宏观等三个层面探讨了未来中国出口省际地区结构调整的方向和重点。 |
| ● |
| 相关链接 |
|
|
|
|
正题名:企业异质性与中国出口省际失衡研究
索取号:F752.62/41
 
预约/预借
| 序号 | 登录号 | 条形码 | 馆藏地/架位号 | 状态 | 备注 |
| 1 | 0840416 | 208404163 | 第一样本阅览室/ [索取号:F752.62/41] | 在馆 | |
| 2 | 0840417 | 208404172 | 第一借阅区/ [索取号:F752.62/41] | 在馆 | |
| 3 | 0840418 | 208404181 | 密集书库-海洋学院/ [索取号:F752.62/41] | 在馆 |